00540nam a22001697a 450000500170000001000150001702000260003203500140005803700140007208200150008610000200010124500700012126000570019127000650024830000220031350000350033520180828144439.0 aENG-123861 a9788172210526c360.00 aEN-107393 bDBAD/PUB. a320.550954 aGatade, Subhash aGodse's children :cby Subhash Gatadebhindutva terror in india / aNew DelhibPharos Media & Publishing Pvt. Ltd.c2011 aD-84, Abul Fazl Enclave - I, Jamia Nagar,bNew Delhie110025v a400p.c22cm(pbk.) aIt includes appendix and index